000 01170nam0a22003011 4500
001 rc\2995805
005 20250806205411.0
035 _a(NLR Aleph) 007139540
090 _a69842
_c69842
100 _a20110917d1944 u y0rusy50 ca
101 0 _arus
102 _aRU
105 _aa j |||||
200 1 _aУчебник арифметики
_eДля 5-го класса школ глухонемых
_eУтв. НКП РСФСР
_fА.И. Дьячков, М.А. Свищев, П.К. Анисимов
205 _a4-е изд.
210 _aМосква
_cУчпедгиз
_d1944
_eЛенинград
_gТип. "Печатный двор"
215 _a104 с.
_cил., черт.
_d22 см
700 1 _aДьячков
_bА.И.
_f1900-
_gАлексей Иванович
701 1 _aСвищев
_bМ.А.
701 1 _aАнисимов
_bП. К.
_cканд. пед. наук
_gПетр Кузьмич
_3RU\NLR\AUTH\770280189
_4070
801 0 _aRU
_bNLR
_gpsbo
801 1 _aRU
_bELAR
_2rusmarc
852 _aNLR
_jМт10 Г-5/64
942 _cBOOK
945 _aРоссийская национальная библиотека
980 _aNB
980 _aBV